[Event "European Blitz-ch 2018"]
[Site "Skopje"]
[Date "2018.12.06"]
[Round "1"]
[White "Artemiev, Vladislav"]
[Black "Karacsonyi, Gellert"]
[Result "1-0"]
[WhiteElo "2709"]
[BlackElo "2195"]
[Annotator "TA"]
[PlyCount "63"]
[EventDate "2018.12.06"]
[EventType "swiss"]
[EventCountry "MKD"]
[SourceTitle "playchess.com"]
[Source "ChessBase"]
[SourceQuality "1"]

1. c4 Nf6 2. g3 e6 3. Bg2 d5 4. Nf3 dxc4 5. Qa4+ Bd7 6. Qxc4 c5 7. Ne5 Qc8 8. d3 Nc6 9. Nxd7 Qxd7 10. Nd2 Be7 11. Nf3 O-O 12. O-O Rac8 13. Bd2 Rfd8 14. Rfc1 Nd5 15. Qa4 b6 16. a3 Bf6 17. Rab1 h6 18. b4 cxb4 19. axb4 Nce7 20. Qxd7 Rxd7 21. d4 Rdc7 22. Rxc7 Rxc7 23. e3 Nc3 24. Bxc3 Rxc3 25. Nd2 Nd5 26. Ne4 Rc4 27. Ra1 Nxb4 28. Rxa7 Nd5 29. Bf1 Rc1 30. Kg2 Rb1 31. Ra8+ Kh7 32. Nxf6+ 1-0

[Event "European Blitz-ch 2018"]
[Site "Skopje"]
[Date "2018.12.06"]
[Round "1"]
[White "Ragger, Markus"]
[Black "Uruci, Besim"]
[Result "1-0"]
[WhiteElo "2687"]
[BlackElo "2137"]
[Annotator "TA"]
[PlyCount "83"]
[EventDate "2018.12.06"]
[EventType "swiss"]
[EventCountry "MKD"]
[SourceTitle "playchess.com"]
[Source "ChessBase"]
[SourceQuality "1"]

1. e4 d5 2. exd5 Nf6 3. d4 Nxd5 4. Nf3 e6 5. c4 Nf6 6. Nc3 Be7 7. Bd3 O-O 8. O-O b6 9. Qe2 Bb7 10. Rd1 Qc8 11. h3 Rd8 12. Bg5 Nbd7 13. Ne5 Nf8 14. Ng4 Ng6 15. Nxf6+ Bxf6 16. Bxf6 gxf6 17. Ne4 f5 18. Nf6+ Kg7 19. Nh5+ Kh8 20. Qe3 Qd7 21. d5 e5 22. Qg5 Qe7 23. Qxf5 c6 24. dxc6 Bxc6 25. Be4 Bxe4 26. Qxe4 Rac8 27. b3 Qg5 28. Qg4 Qe7 29. Qf5 Nh4 30. Qf6+ Qxf6 31. Nxf6 Kg7 32. Nd5 Nf5 33. Kf1 Nd4 34. f4 f6 35. Rd3 Kf7 36. Re1 Nc6 37. Rf3 Kg7 38. fxe5 Nxe5 39. Rf5 Nd3 40. Re7+ Kg6 41. Rxf6+ Kh5 42. Rxh7+ 1-0

[Event "European Blitz-ch 2018"]
[Site "Skopje"]
[Date "2018.12.06"]
[Round "1"]
[White "Laznicka, Viktor"]
[Black "Bognar, Csaba"]
[Result "1-0"]
[WhiteElo "2675"]
[BlackElo "2171"]
[Annotator "TA"]
[PlyCount "37"]
[EventDate "2018.12.06"]
[EventType "swiss"]
[EventCountry "MKD"]
[SourceTitle "playchess.com"]
[Source "ChessBase"]
[SourceQuality "1"]

1. d4 Nf6 2. Bg5 e6 3. Nf3 d5 4. e3 g6 5. c4 c6 6. Nc3 Bg7 7. Ne5 h6 8. Bh4 g5 9. Bg3 Nfd7 10. Qh5 Nxe5 11. Bxe5 Bxe5 12. dxe5 dxc4 13. h4 Qa5 14. hxg5 Qxe5 15. O-O-O b5 16. Rh3 b4 17. f4 Qa5 18. Ne4 Qxa2 19. Nd6+ 1-0

[Event "European Blitz-ch 2018"]
[Site "Skopje"]
[Date "2018.12.06"]
[Round "1"]
[White "Guseinov, Gadir"]
[Black "Velikic, Adela"]
[Result "1-0"]
[WhiteElo "2664"]
[BlackElo "2298"]
[Annotator "TA"]
[PlyCount "81"]
[EventDate "2018.12.06"]
[EventType "swiss"]
[EventCountry "MKD"]
[SourceTitle "playchess.com"]
[Source "ChessBase"]
[SourceQuality "1"]

1. e4 c6 2. d4 d5 3. Nd2 dxe4 4. Nxe4 Bf5 5. Ng3 Bg6 6. h4 h6 7. Nf3 e6 8. Ne5 Bh7 9. Bd3 Bxd3 10. Qxd3 Nd7 11. Bf4 Nxe5 12. Bxe5 Qa5+ 13. c3 O-O-O 14. Qf3 Rd7 15. O-O Qd5 16. Ne4 f5 17. Nd2 Qxf3 18. Nxf3 Nf6 19. Rfe1 Ne4 20. Re2 Rg8 21. Rae1 g5 22. hxg5 hxg5 23. Nd2 Nxd2 24. Rxd2 Rg6 25. Rde2 Rd8 26. g3 Kd7 27. Kg2 Bd6 28. Rh1 Bxe5 29. Rxe5 Rdg8 30. b4 R8g7 31. a4 Kc7 32. b5 Rd7 33. Rhe1 Kd6 34. Rb1 b6 35. a5 Rg8 36. axb6 axb6 37. bxc6 Rc7 38. Rxb6 Ra8 39. c4 Ra4 40. c5+ Ke7 41. d5 1-0

[Event "European Blitz-ch 2018"]
[Site "Skopje"]
[Date "2018.12.06"]
[Round "1"]
[White "Anton Guijarro, David"]
[Black "Ratsma, Midas"]
[Result "1-0"]
[WhiteElo "2642"]
[BlackElo "2316"]
[Annotator "TA"]
[PlyCount "65"]
[EventDate "2018.12.06"]
[EventType "swiss"]
[EventCountry "MKD"]
[SourceTitle "playchess.com"]
[Source "ChessBase"]
[SourceQuality "1"]

1. Nf3 d5 2. b3 Nf6 3. Bb2 c5 4. e3 Nc6 5. Bb5 e6 6. O-O Bd6 7. c4 O-O 8. cxd5 exd5 9. Bxc6 bxc6 10. d3 a5 11. Nc3 Ba6 12. Qc2 Qc7 13. Na4 Nd7 14. Rfd1 Bb5 15. Nc3 Ba6 16. d4 c4 17. e4 cxb3 18. axb3 dxe4 19. Nxe4 Be7 20. d5 Bd8 21. dxc6 Rc8 22. Rac1 Nb8 23. Ba3 Be7 24. Nfg5 f5 25. Ne6 Qa7 26. Bxe7 Qxe7 27. Nxf8 Rxc6 28. Qd2 Rxc1 29. Qxc1 fxe4 30. Qf4 Nc6 31. Nd7 h6 32. Qd6 Qxd6 33. Rxd6 1-0

[Event "European Blitz-ch 2018"]
[Site "Skopje"]
[Date "2018.12.06"]
[Round "1"]
[White "Lagarde, Maxime"]
[Black "Martinov, Levko"]
[Result "1-0"]
[WhiteElo "2616"]
[BlackElo "2225"]
[Annotator "TA"]
[PlyCount "36"]
[EventDate "2018.12.06"]
[EventType "swiss"]
[EventCountry "MKD"]
[SourceTitle "playchess.com"]
[Source "ChessBase"]
[SourceQuality "1"]

1. e4 e6 2. d4 d5 3. exd5 exd5 4. Nf3 Bd6 5. c4 c6 6. Nc3 Ne7 7. Bd3 Bg4 8. O-O dxc4 9. Bxc4 O-O 10. h3 Bh5 11. g4 Bg6 12. Ne5 b5 13. Bb3 Qc7 14. f4 Bxe5 15. dxe5 h5 16. Qf3 hxg4 17. hxg4 Nd7 18. Qg3 Nb6 1-0

[Event "European Blitz-ch 2018"]
[Site "Skopje"]
[Date "2018.12.06"]
[Round "1"]
[White "Erdos, Viktor"]
[Black "Davainis, Marius"]
[Result "1-0"]
[WhiteElo "2605"]
[BlackElo "2105"]
[Annotator "TA"]
[PlyCount "59"]
[EventDate "2018.12.06"]
[EventType "swiss"]
[EventCountry "MKD"]

1. Nf3 Nf6 2. c4 c5 3. Nc3 b6 4. d4 cxd4 5. Nxd4 Bb7 6. f3 e6 7. e4 d6 8. Be3 Be7 9. Be2 O-O 10. O-O Nbd7 11. Qd2 Rc8 12. Ndb5 Ne5 13. Nxa7 Nxc4 14. Bxc4 Rxc4 15. b3 Rb4 16. Nd5 Nxd5 17. exd5 Rh4 18. Nc6 Bxc6 19. dxc6 Qc7 20. Rac1 Ra8 21. Qf2 Rh5 22. Bxb6 Qc8 23. a4 Bf6 24. Rfd1 Be7 25. a5 Qa6 26. c7 Rc8 27. Qf1 Qb7 28. Qc4 d5 29. Qc6 Qxc6 30. Rxc6 1-0

[Event "European Blitz-ch 2018"]
[Site "Skopje"]
[Date "2018.12.06"]
[Round "1"]
[White "Ivanisevic, Ivan"]
[Black "Krstevski, Vlatko"]
[Result "1-0"]
[WhiteElo "2603"]
[BlackElo "2096"]
[Annotator "TA"]
[PlyCount "41"]
[EventDate "2018.12.06"]
[EventType "swiss"]
[EventCountry "MKD"]

1. d4 d5 2. c4 e6 3. Nc3 Nf6 4. cxd5 exd5 5. Bg5 Be7 6. e3 O-O 7. Bd3 c6 8. Nge2 Ne4 9. Bxe7 Qxe7 10. Bxe4 dxe4 11. Qc2 f5 12. d5 Rd8 13. Rd1 Na6 14. dxc6 Rxd1+ 15. Qxd1 bxc6 16. O-O Be6 17. Qa4 Qb7 18. Nd4 Bd7 19. Qc4+ Kh8 20. Na4 Qb4 21. Qxa6 1-0

[Event "European Blitz-ch 2018"]
[Site "Skopje"]
[Date "2018.12.06"]
[Round "1"]
[White "Perunovic, Milos"]
[Black "Bruned, Boris"]
[Result "1-0"]
[WhiteElo "2597"]
[BlackElo "2133"]
[Annotator "TA"]
[PlyCount "44"]
[EventDate "2018.12.06"]
[EventType "swiss"]
[EventCountry "MKD"]

1. e4 c5 2. Nf3 d6 3. d4 cxd4 4. Qxd4 Nc6 5. Bb5 Bd7 6. Qd3 Nf6 7. c4 g6 8. Nc3 Bg7 9. O-O O-O 10. h3 a6 11. Bxc6 Bxc6 12. Be3 Nd7 13. Nd4 Ne5 14. Qe2 Bd7 15. Rac1 Rc8 16. b3 Nc6 17. Rfd1 f5 18. exf5 Bf6 19. c5 a5 20. cxd6 exd6 21. Re1 Kf7 22. Rcd1 d5 1-0

[Event "European Blitz-ch 2018"]
[Site "Skopje"]
[Date "2018.12.06"]
[Round "1"]
[White "Saric, Ante"]
[Black "Jovanoski, Vasko"]
[Result "1-0"]
[WhiteElo "2533"]
[BlackElo "2145"]
[Annotator "TA"]
[PlyCount "26"]
[EventDate "2018.12.06"]
[EventType "swiss"]
[EventCountry "MKD"]
[SourceTitle "playchess.com"]
[Source "ChessBase"]
[SourceQuality "1"]

1. Nf3 Nf6 2. g3 g6 3. b3 Bg7 4. Bb2 d6 5. d4 O-O 6. c4 Bg4 7. Nc3 Nbd7 8. h3 Bxf3 9. e3 Re8 10. Rc1 Qb8 11. Bg2 d5 12. cxd5 Nxd5 13. Nxd5 b6 1-0

[Event "European Blitz-ch 2018"]
[Site "Skopje"]
[Date "2018.12.06"]
[Round "1"]
[White "Popov, Valerij"]
[Black "Atanasov, Radislav"]
[Result "1-0"]
[WhiteElo "2532"]
[BlackElo "2115"]
[Annotator "TA"]
[PlyCount "71"]
[EventDate "2018.12.06"]
[EventType "swiss"]
[EventCountry "MKD"]
[SourceTitle "playchess.com"]
[Source "ChessBase"]
[SourceQuality "1"]

1. Nf3 Nf6 2. c4 g6 3. Nc3 Bg7 4. e4 d6 5. d4 O-O 6. Be2 e5 7. Be3 c6 8. d5 cxd5 9. cxd5 Nbd7 10. Nd2 Nc5 11. b4 Ncd7 12. O-O a5 13. a3 Ne8 14. Qb3 f5 15. f3 Ndf6 16. Nc4 f4 17. Bb6 Qe7 18. Bxa5 g5 19. Nb6 Rb8 20. Rac1 g4 21. Nxc8 Rxc8 22. fxg4 Kh8 23. Bf3 Qd7 24. h3 h5 25. gxh5 Bh6 26. Na4 Rxc1 27. Rxc1 Rg8 28. Qc2 Qxh3 29. Kf2 Qh4+ 30. Ke2 Nxh5 31. Kd3 Nhf6 32. Bd8 Qg3 33. Kc4 Ng7 34. Bxf6 b6 35. Bxe5 Qg6 36. Qb3 1-0

[Event "European Blitz-ch 2018"]
[Site "Skopje"]
[Date "2018.12.06"]
[Round "1"]
[White "Demidov, Mikhail"]
[Black "Marinskii, Yurii"]
[Result "1-0"]
[WhiteElo "2520"]
[BlackElo "2174"]
[Annotator "TA"]
[PlyCount "81"]
[EventDate "2018.12.06"]
[EventType "swiss"]
[EventCountry "MKD"]

1. Nf3 d5 2. g3 c5 3. Bg2 Nc6 4. O-O Nf6 5. d4 e6 6. b3 Be7 7. Bb2 cxd4 8. Nxd4 O-O 9. c4 Nxd4 10. Qxd4 dxc4 11. Qxc4 Qb6 12. Rd1 Bd7 13. Bd4 Qb5 14. Qxb5 Bxb5 15. Nc3 Bc6 16. Bxc6 bxc6 17. Na4 Ba3 18. Bc5 Bxc5 19. Nxc5 Rfd8 20. e4 Kf8 21. f3 Ke7 22. Kf2 Rxd1 23. Rxd1 Rd8 24. Rxd8 Kxd8 25. Ke3 Kc7 26. Kd4 Nd7 27. Nxd7 Kxd7 28. e5 Kc7 29. Kc5 Kd7 30. f4 Kc7 31. g4 g6 32. g5 Kd7 33. b4 Kc7 34. a4 Kd7 35. a5 Kc7 36. a6 Kd7 37. b5 cxb5 38. Kxb5 Kc7 39. Kc5 Kd7 40. Kb5 Kc7 41. Kc5 1-0

[Event "European Blitz-ch 2018"]
[Site "Skopje"]
[Date "2018.12.06"]
[Round "1"]
[White "Jovanovic, Zoran"]
[Black "Sadiku, Bedri"]
[Result "1-0"]
[WhiteElo "2518"]
[BlackElo "2237"]
[Annotator "TA"]
[PlyCount "43"]
[EventDate "2018.12.06"]
[EventType "swiss"]
[EventCountry "MKD"]
[SourceTitle "playchess.com"]
[Source "ChessBase"]
[SourceQuality "1"]

1. e4 c5 2. Nc3 e6 3. Nge2 a6 4. g3 d6 5. Bg2 Nc6 6. O-O Nge7 7. d3 g6 8. Be3 Bg7 9. d4 cxd4 10. Nxd4 O-O 11. Qd2 Qc7 12. Rad1 Rd8 13. Nxc6 bxc6 14. Na4 Rb8 15. c4 Rd7 16. Bf4 e5 17. Bg5 f6 18. Be3 c5 19. Nc3 Bb7 20. Bh3 Rdd8 21. Be6+ Kh8 22. b3 1-0

[Event "European Blitz-ch 2018"]
[Site "Skopje"]
[Date "2018.12.06"]
[Round "1"]
[White "Ruck, Robert"]
[Black "Poznyak, Nazar"]
[Result "1-0"]
[WhiteElo "2512"]
[BlackElo "2181"]
[Annotator "TA"]
[PlyCount "47"]
[EventDate "2018.12.06"]
[EventType "swiss"]
[EventCountry "MKD"]
[SourceTitle "playchess.com"]
[Source "ChessBase"]
[SourceQuality "1"]

1. Nf3 Nf6 2. c4 e6 3. Nc3 b6 4. g3 Bb7 5. Bg2 c5 6. O-O Be7 7. Re1 O-O 8. e4 d6 9. d4 cxd4 10. Nxd4 Qc8 11. Be3 Na6 12. f4 Nc5 13. Bf2 a6 14. Rc1 Rd8 15. b4 Ncd7 16. g4 Qc7 17. g5 Ne8 18. Qg4 g6 19. h4 Ng7 20. Nd5 exd5 21. cxd5 Qb8 22. Nc6 Bxc6 23. dxc6 f5 24. exf5 1-0

[Event "European Blitz-ch 2018"]
[Site "Skopje"]
[Date "2018.12.06"]
[Round "1"]
[White "Blagojevic, Dragisa"]
[Black "Varvadoukas, Theodoros"]
[Result "1-0"]
[WhiteElo "2497"]
[BlackElo "2164"]
[Annotator "TA"]
[PlyCount "75"]
[EventDate "2018.12.06"]
[EventType "swiss"]
[EventCountry "MKD"]

1. d4 Nf6 2. c4 c5 3. d5 b5 4. Nf3 g6 5. cxb5 a6 6. e3 Bg7 7. Nc3 O-O 8. a4 d6 9. e4 Nbd7 10. h3 Re8 11. Be3 Qa5 12. Bd2 Qc7 13. Be2 axb5 14. Bxb5 Ba6 15. O-O Reb8 16. Qe2 Bxb5 17. Nxb5 Qb7 18. Bc3 Nb6 19. b3 h6 20. Nd2 Qd7 21. Nc4 Nxc4 22. bxc4 Ra6 23. a5 Nh5 24. Bxg7 Kxg7 25. e5 Qf5 26. Rfe1 Qg5 27. Qg4 Qd2 28. Re2 Qb4 29. exd6 exd6 30. Rae1 Rxa5 31. Nxd6 Nf6 32. Qg3 Ra3 33. Nf5+ Kh7 34. Qe5 Rb6 35. d6 Qc3 36. Qe7 Qxc4 37. Qxf6 gxf5 38. Re8 1-0

[Event "European Blitz-ch 2018"]
[Site "Skopje"]
[Date "2018.12.06"]
[Round "1"]
[White "Pancevski, Filip"]
[Black "Maloberti, David"]
[Result "1-0"]
[WhiteElo "2495"]
[BlackElo "2122"]
[Annotator "TA"]
[PlyCount "67"]
[EventDate "2018.12.06"]
[EventType "swiss"]
[EventCountry "MKD"]
[SourceTitle "playchess.com"]
[Source "ChessBase"]
[SourceQuality "1"]

1. Nf3 Nf6 2. g3 g6 3. Bg2 Bg7 4. c4 O-O 5. O-O d6 6. Nc3 Nc6 7. Rb1 e5 8. b4 Be6 9. d3 h6 10. b5 Ne7 11. Nd2 Qc8 12. Re1 Bh3 13. Bh1 c6 14. bxc6 bxc6 15. Ba3 Qc7 16. Qa4 Rac8 17. Qa6 Rb8 18. Nde4 Nxe4 19. Nxe4 Rfd8 20. Bb4 Rd7 21. Qa3 c5 22. Ba5 Qc8 23. Rxb8 Qxb8 24. Nc3 f5 25. Rb1 Qf8 26. Rb3 f4 27. Qb2 fxg3 28. hxg3 h5 29. Rb8 Nc8 30. Bc6 Rf7 31. Bd5 Kh7 32. Bxf7 Qxf7 33. Ne4 h4 34. Ng5+ 1-0

[Event "European Blitz-ch 2018"]
[Site "Skopje"]
[Date "2018.12.06"]
[Round "1"]
[White "Dvirnyy, Danyyil"]
[Black "Gajcin, Marina"]
[Result "1-0"]
[WhiteElo "2485"]
[BlackElo "2244"]
[Annotator "TA"]
[PlyCount "59"]
[EventDate "2018.12.06"]
[EventType "swiss"]
[EventCountry "MKD"]
[SourceTitle "playchess.com"]
[Source "ChessBase"]
[SourceQuality "1"]

1. Nf3 Nf6 2. c4 g6 3. b3 Bg7 4. Bb2 O-O 5. g3 c6 6. Bg2 d5 7. O-O Bf5 8. d3 Qc8 9. Nbd2 Bh3 10. Rc1 Bxg2 11. Kxg2 Nbd7 12. cxd5 Nxd5 13. Bxg7 Kxg7 14. Qc2 e5 15. Qb2 f6 16. d4 Re8 17. e4 N5b6 18. d5 c5 19. b4 Qc7 20. Rc2 Qd6 21. a3 Rec8 22. Rfc1 cxb4 23. axb4 Qf8 24. Rc7 Rxc7 25. Rxc7 Rb8 26. Nb3 Kg8 27. Nfd2 Na4 28. Qc2 Ndb6 29. Na5 Rd8 30. Nxb7 1-0

[Event "European Blitz-ch 2018"]
[Site "Skopje"]
[Date "2018.12.06"]
[Round "1"]
[White "Jirovsky, Milos"]
[Black "Agafonov, Yuri Dr"]
[Result "1-0"]
[WhiteElo "2448"]
[BlackElo "2118"]
[Annotator "TA"]
[PlyCount "68"]
[EventDate "2018.12.06"]
[EventType "swiss"]
[EventCountry "MKD"]
[SourceTitle "playchess.com"]
[Source "ChessBase"]
[SourceQuality "1"]

1. Nf3 Nf6 2. c4 e6 3. g3 d5 4. Bg2 a6 5. b3 b5 6. O-O Bb7 7. Bb2 c5 8. cxd5 exd5 9. a4 Be7 10. d3 O-O 11. Nbd2 Nc6 12. Qb1 d4 13. Rc1 Nd5 14. Ne4 Qb6 15. Nfd2 Rfd8 16. axb5 axb5 17. Rxa8 Bxa8 18. Qc2 Ncb4 19. Qd1 Bb7 20. Nf3 Na2 21. Rc2 Ndb4 22. Rd2 Ra8 23. h4 h6 24. g4 Bd5 25. g5 Qe6 26. Qf1 h5 27. Bh3 Qc6 28. Qd1 Bxe4 29. dxe4 Nc3 30. Qf1 Nxe4 31. Bc1 Bf8 32. Bg2 Qe6 33. Bh3 Qg4+ 34. Kh2 g6 1-0

[Event "European Blitz-ch 2018"]
[Site "Skopje"]
[Date "2018.12.06"]
[Round "1"]
[White "Molenda, Marcin"]
[Black "Georgiev, Kiril"]
[Result "0-1"]
[WhiteElo "2383"]
[BlackElo "2595"]
[Annotator "TA"]
[PlyCount "45"]
[EventDate "2018.12.06"]
[EventType "swiss"]
[EventCountry "MKD"]
[SourceTitle "playchess.com"]
[Source "ChessBase"]
[SourceQuality "1"]

1. d4 Nf6 2. c4 e6 3. Nf3 b6 4. g3 Ba6 5. Qc2 b5 6. b3 bxc4 7. bxc4 Nc6 8. Bg2 Bb4+ 9. Nbd2 O-O 10. O-O Rb8 11. e4 d6 12. Qa4 Rb6 13. d5 Ne7 14. dxe6 fxe6 15. Nd4 Qc8 16. Bh3 Kh8 17. Bxe6 Qe8 18. Qxe8 Rxe8 19. f3 Bc3 20. N2b3 Nc6 21. Be3 Nxd4 22. Nxd4 Bxa1 23. Rxa1 0-1

[Event "European Blitz-ch 2018"]
[Site "Skopje"]
[Date "2018.12.06"]
[Round "1"]
[White "Nowicki, Bartosz"]
[Black "Banikas, Hristos"]
[Result "0-1"]
[WhiteElo "2305"]
[BlackElo "2601"]
[Annotator "TA"]
[PlyCount "64"]
[EventDate "2018.12.06"]
[EventType "swiss"]
[EventCountry "MKD"]

1. e4 c5 2. Nf3 d6 3. d4 cxd4 4. Nxd4 Nf6 5. Nc3 a6 6. Bg5 e6 7. f4 h6 8. Bh4 Qb6 9. a3 Nbd7 10. Bf2 Qc7 11. Be2 b5 12. Bf3 Bb7 13. Qe2 Rc8 14. O-O Be7 15. Rae1 O-O 16. g4 Nc5 17. h4 e5 18. fxe5 dxe5 19. Nf5 Ne6 20. Bg3 Bc5+ 21. Kh1 Rfe8 22. Qd2 Nf4 23. Bxf4 exf4 24. g5 hxg5 25. hxg5 Nh7 26. Qg2 g6 27. Nh6+ Kg7 28. Nd5 Qe5 29. Qg4 Qxg5 30. Qxg5 Nxg5 31. Ng4 Nxf3 32. Rxf3 Bxd5 0-1

[Event "European Blitz-ch 2018"]
[Site "Skopje"]
[Date "2018.12.06"]
[Round "1"]
[White "Styazhkina, Anna"]
[Black "Bosiocic, Marin"]
[Result "0-1"]
[WhiteElo "2274"]
[BlackElo "2599"]
[Annotator "TA"]
[PlyCount "86"]
[EventDate "2018.12.06"]
[EventType "swiss"]
[EventCountry "MKD"]
[SourceTitle "playchess.com"]
[Source "ChessBase"]
[SourceQuality "1"]

1. e4 e5 2. Nf3 Nc6 3. Bc4 Bc5 4. c3 Nf6 5. d3 d6 6. Nbd2 O-O 7. Bb3 a5 8. a4 Be6 9. Bc2 d5 10. Qe2 d4 11. Nf1 h6 12. Ng3 Qd7 13. O-O Rad8 14. h3 Bb6 15. Nh4 Ne7 16. Qf3 Nh7 17. Nhf5 Nxf5 18. exf5 Bd5 19. Ne4 Qc6 20. Bd2 Nf6 21. Rfe1 Kh8 22. Qg3 Bxe4 23. dxe4 d3 24. Bb3 Nxe4 25. Rxe4 Qxe4 26. f6 gxf6 27. Re1 Qg6 28. Qf3 Rde8 29. Bd5 f5 30. Bxb7 e4 31. Qf4 Rg8 32. g4 fxg4 33. Bxe4 Rxe4 34. Qxe4 gxh3+ 35. Qxg6 Rxg6+ 36. Kh1 Bxf2 37. Re8+ Kg7 38. Rd8 Rg1+ 39. Kh2 Rd1 40. Bf4 Be1 41. Bxc7 d2 42. Be5+ Kg6 43. Rg8+ Kf5 0-1

[Event "European Blitz-ch 2018"]
[Site "Skopje"]
[Date "2018.12.06"]
[Round "1"]
[White "Unuk, Laura"]
[Black "Brkic, Ante"]
[Result "0-1"]
[WhiteElo "2253"]
[BlackElo "2563"]
[Annotator "TA"]
[PlyCount "116"]
[EventDate "2018.12.06"]
[EventType "swiss"]
[EventCountry "MKD"]
[SourceTitle "playchess.com"]
[Source "ChessBase"]
[SourceQuality "1"]

1. d4 d5 2. c4 e6 3. Nf3 Nf6 4. g3 Bb4+ 5. Bd2 Be7 6. Bg2 Nbd7 7. Qc2 c6 8. O-O b6 9. Bf4 Bb7 10. Rd1 Rc8 11. Nc3 dxc4 12. e4 O-O 13. a4 a6 14. h4 b5 15. Ng5 h6 16. Nf3 b4 17. Ne2 c5 18. d5 exd5 19. exd5 Bxd5 20. Ne5 Bxg2 21. Kxg2 Qb6 22. Qxc4 Nxe5 23. Bxe5 Rfd8 24. Nf4 Qc6+ 25. f3 Rxd1 26. Rxd1 Qxa4 27. Re1 Qb5 28. Qc2 c4 29. Bd4 Qd7 30. Rd1 Qc6 31. Re1 Bf8 32. Bxf6 Qxf6 33. Nd5 Qc6 34. Qf5 c3 35. bxc3 bxc3 36. Rc1 c2 37. Ne3 Qe6 38. Qxe6 fxe6 39. Rxc2 Rxc2+ 40. Nxc2 Bc5 41. Kf1 Kf7 42. Ke2 Kf6 43. g4 Ke5 44. Ne1 Bd4 45. Nd3+ Kd6 46. Nb4 a5 47. Na2 Kd5 48. Kd3 e5 49. Nc1 a4 50. Na2 a3 51. Nb4+ Kc5 52. Na2 Bb2 53. Kc2 Kd4 54. Kb3 Ke3 55. Nb4 Kxf3 56. g5 hxg5 57. hxg5 e4 58. Nd5 e3 0-1

[Event "European Blitz-ch 2018"]
[Site "Skopje"]
[Date "2018.12.06"]
[Round "1"]
[White "Iskos, Alexandros"]
[Black "Djukic, Nikola"]
[Result "0-1"]
[WhiteElo "2215"]
[BlackElo "2574"]
[Annotator "TA"]
[PlyCount "96"]
[EventDate "2018.12.06"]
[EventType "swiss"]
[EventCountry "MKD"]

1. e4 c5 2. Nf3 d6 3. Bb5+ Nd7 4. c3 Ngf6 5. Qe2 a6 6. Ba4 b5 7. Bc2 Bb7 8. O-O e6 9. d4 Be7 10. Nbd2 Rc8 11. Bb1 Qc7 12. Re1 cxd4 13. cxd4 O-O 14. h3 e5 15. d5 Qb8 16. b3 Bd8 17. Bb2 Bb6 18. Bd3 Nc5 19. Rac1 Nxd3 20. Qxd3 Qa7 21. Qe2 a5 22. Nf1 Nh5 23. g3 Rxc1 24. Rxc1 Bc8 25. Kg2 Bd7 26. Ne3 g6 27. Ng4 f6 28. Rc2 Ng7 29. Bc1 h5 30. Ngh2 Qb7 31. Nf1 Rc8 32. Be3 Bd8 33. Qd2 f5 34. exf5 Nxf5 35. Rxc8 Bxc8 36. Bg5 Bb6 37. Nh4 Nxh4+ 38. Bxh4 Bf5 39. Ne3 Bxe3 40. fxe3 Be4+ 41. Kh2 b4 42. Qf2 Qxd5 43. Bg5 Bf5 44. g4 hxg4 45. hxg4 Bxg4 46. Bh6 Bf5 47. Qh4 Qd2+ 48. Kg3 Qe1+ 0-1

[Event "European Blitz-ch 2018"]
[Site "Skopje"]
[Date "2018.12.06"]
[Round "1"]
[White "Muter, Donny"]
[Black "Van Foreest, Jorden"]
[Result "0-1"]
[WhiteElo "2206"]
[BlackElo "2614"]
[Annotator "TA"]
[PlyCount "120"]
[EventDate "2018.12.06"]
[EventType "swiss"]
[EventCountry "MKD"]

1. d4 e6 2. Nf3 c5 3. e3 Nf6 4. Bd3 b6 5. O-O Bb7 6. c3 Be7 7. Nbd2 d5 8. Ne5 O-O 9. Qf3 Nbd7 10. Qh3 g6 11. f4 Ne4 12. Nxe4 dxe4 13. Be2 cxd4 14. exd4 a6 15. a4 Nf6 16. Ng4 Nxg4 17. Qxg4 Qd7 18. Be3 b5 19. axb5 axb5 20. Qg3 Rfd8 21. Qe1 Bd5 22. Qd2 Qc6 23. Rfc1 Bc4 24. Kf2 Bh4+ 25. g3 Bf6 26. Qc2 Qd5 27. Bxc4 bxc4 28. Rxa8 Rxa8 29. Rb1 Ra2 30. Kg1 h5 31. Qd1 Kg7 32. Qc1 Be7 33. Ra1 Rxa1 34. Qxa1 Qf5 35. Qd1 Qb5 36. Qc2 Qb7 37. Kf2 f5 38. Kg2 Qa6 39. Qb1 Qa4 40. Kf2 Qb3 41. Qc1 Qa2 42. Kg1 h4 43. Bf2 h3 44. Kf1 Kf7 45. Ke1 Ke8 46. Be3 Kd7 47. Bf2 Kc6 48. Be3 Kb5 49. Bf2 Bd6 50. Be3 Bc7 51. Bd2 Bd6 52. Be3 Kc6 53. Bd2 Kd7 54. Be3 Ke7 55. Kf1 Kf7 56. Ke1 Be7 57. Kf1 Ba3 58. bxa3 Qg2+ 59. Ke1 Qxh2 60. Qd2 Qxd2+ 0-1

[Event "European Blitz-ch 2018"]
[Site "Skopje"]
[Date "2018.12.06"]
[Round "1"]
[White "Bogoevski, Jani"]
[Black "Stevic, Hrvoje"]
[Result "0-1"]
[WhiteElo "2190"]
[BlackElo "2587"]
[Annotator "TA"]
[PlyCount "42"]
[EventDate "2018.12.06"]
[EventType "swiss"]
[EventCountry "MKD"]
[SourceTitle "playchess.com"]
[Source "ChessBase"]
[SourceQuality "1"]

1. Nf3 c5 2. c4 Nc6 3. g3 g6 4. Bg2 Bg7 5. Nc3 d6 6. O-O e5 7. d3 Nge7 8. Rb1 O-O 9. e3 h6 10. h3 Be6 11. Nd2 d5 12. cxd5 Nxd5 13. Nxd5 Bxd5 14. Ne4 Bxa2 15. Ra1 Bd5 16. Qa4 b6 17. Rd1 Na5 18. Nc3 Bb3 19. Qb5 Bxd1 20. Bxa8 Bc2 21. Be4 Nb3 0-1

[Event "European Blitz-ch 2018"]
[Site "Skopje"]
[Date "2018.12.06"]
[Round "1"]
[White "Chernyak, Viktoria"]
[Black "Esipenko, Andrey"]
[Result "0-1"]
[WhiteElo "2186"]
[BlackElo "2593"]
[Annotator "TA"]
[PlyCount "82"]
[EventDate "2018.12.06"]
[EventType "swiss"]
[EventCountry "MKD"]
[SourceTitle "playchess.com"]
[Source "ChessBase"]
[SourceQuality "1"]

1. Nf3 Nf6 2. c4 e6 3. g3 b6 4. Bg2 Bb7 5. O-O Be7 6. Nc3 O-O 7. Re1 Ne4 8. Nxe4 Bxe4 9. d3 Bb7 10. e4 c5 11. d4 cxd4 12. Nxd4 d6 13. b3 a6 14. Bb2 Qc7 15. Rc1 Nd7 16. Kh1 Rac8 17. f4 Rfe8 18. Qg4 Nf6 19. Qe2 Qb8 20. g4 d5 21. cxd5 exd5 22. e5 Ne4 23. Nf5 Bf8 24. Bd4 Rxc1 25. Rxc1 Nc5 26. Qd2 Ne6 27. Bxb6 d4 28. Bxd4 Rd8 29. Qe3 Qa8 30. Bxb7 Qxb7+ 31. Kg1 Qd5 32. Bb6 Rb8 33. b4 g6 34. Ng3 Bh6 35. g5 Bf8 36. Ne4 Be7 37. a3 Rxb6 38. Qxb6 Qxe4 39. Rc8+ Kg7 40. Qa7 Bf8 41. Re8 Nxf4 0-1

[Event "European Blitz-ch 2018"]
[Site "Skopje"]
[Date "2018.12.06"]
[Round "1"]
[White "Smolka, Marcin"]
[Black "Mamedov, Rauf"]
[Result "0-1"]
[WhiteElo "2178"]
[BlackElo "2703"]
[Annotator "TA"]
[PlyCount "49"]
[EventDate "2018.12.06"]
[EventType "swiss"]
[EventCountry "MKD"]
[SourceTitle "playchess.com"]
[Source "ChessBase"]
[SourceQuality "1"]

1. e4 c5 2. c4 Nc6 3. Ne2 g6 4. d4 cxd4 5. Nxd4 Bg7 6. Be3 Qb6 7. Nb5 Qa5+ 8. N1c3 Nf6 9. f3 O-O 10. Be2 d6 11. O-O a6 12. Nd4 Nxd4 13. Bxd4 Be6 14. Qd2 Rfc8 15. b3 b5 16. cxb5 axb5 17. Rfd1 b4 18. Na4 Nd7 19. Rac1 Bxd4+ 20. Qxd4 Nc5 21. e5 Nxa4 22. exd6 Nc3 23. Rxc3 bxc3 24. dxe7 c2 25. Qf4 0-1